Statistics for Cities that End in S by Clue

Click here to take the quiz!

General Stats

  • This quiz has been taken 28,591 times
  • The average score is 15 of 20

Answer Stats

HintCity% Correct
Known as "The City of Lights"Paris
96%
Where Plato founded the Academy in 387 B.C.Athens
90%
City where many Americans go to get a quick wedding (or divorce)Las Vegas
90%
Often considered to be the capital of the European UnionBrussels
88%
The most populous city in South America that is not in BrazilBuenos Aires
88%
The capital of VenezuelaCaracas
83%
City on the Riviera with a famous film festivalCannes
82%
Megacity in West Africa with more than 20 million peopleLagos
80%
Will host the Summer Olympics for the third time in 2028Los Angeles
77%
The capital of LithuaniaVilnius
75%
The largest city from which Mount Vesuvius is visibleNaples
73%
Where you can walk on Beale Street and visit the grave of ElvisMemphis
70%
The French city that is closest to EnglandCalais
69%
Near the location of ancient CarthageTunis
68%
This city's Bourbon Street is a center of public intoxicationNew Orleans
67%
This city in Yorkshire is the UK's second largest financial centerLeeds
65%
With St. Paul, it is one half of the "Twin Cities"Minneapolis
61%
This city's most famous event was filmed by Abraham Zapruder on November 22, 1963Dallas
56%
This city in the Levant was the capital of the Arab world from 661–750Damascus
54%
The largest city on the Barbary Coast, it was a center of piracy and slavery until the 1800sAlgiers
38%

Score Distribution

Percentile by Number Answered

Percent of People with Each Score

Your Score History

You have not taken this quiz